| 000 | 00912nam a2200253 i 4500 | ||
|---|---|---|---|
| 001 | 134073 | ||
| 003 | ES-MaACL | ||
| 005 | 20230906194607.0 | ||
| 007 | t| | ||
| 008 | 070905s1958 sp af |||| | spa d | ||
| 080 | _a799.2:639.111(5+6) | ||
| 245 | 0 | 0 |
_aCaza mayor en Asia y África _b: antología de grandes aventuras de caza / _cdirigida por Townsend Whelen ; comprendiendo relatos de F. Courteney Lelans, W. Cotton Oswell, Sir Samuel W. Baker ; [traducción de Antonio Ribera]. |
| 246 | 3 | 0 | _aAntología de grandes aventuras de caza |
| 260 |
_aBarcelona : _bEditorial Hispano Europea, _c1958. |
||
| 300 |
_a448 p., 14 lám. ; _c20 cm. |
||
| 490 | 1 | _aHerakles | |
| 650 | 4 |
_aCaza- _zAsia. _910860 |
|
| 650 | 4 |
_aCaza- _zÁfrica. _910858 |
|
| 700 | 1 |
_aWhelen, Townsend. _9116630 |
|
| 700 | 1 |
_aRibera, Antonio. _996769 |
|
| 830 | 0 |
_aHerakles _9180867 |
|
| 852 |
_aES-MaACL _jC-14498 |
||
| 999 |
_c134073 _d134073 |
||